[Event "European Chess Club Cup 2023"]
[Site "Durres, Albania"]
[Date "2023.10.03"]
[Round "3.73"]
[White "Kucuksari, Kaan"]
[Black "Hove, Esben Kjems"]
[Result "1-0"]
[TimeControl "90' + 30' & 30\""]
[WhiteElo "2493"]
[BlackElo "2312"]

1. d4 {[%clk 01:30:59]} d5 {[%clk 01:30:52]} {[%emt 00:00:09]} 2. c4 {[%clk
01:31:18]} {[%emt 00:00:11]} c6 {[%clk 01:31:17]} {[%emt 00:00:05]} 3. Nf3
{[%clk 01:31:44]} {[%emt 00:00:07]} Nf6 {[%clk 01:31:39]} {[%emt 00:00:05]} 4.
e3 {[%clk 01:32:09]} {[%emt 00:00:05]} Bf5 {[%clk 01:31:37]} {[%emt 00:00:31]}
5. Nc3 {[%clk 01:32:32]} {[%emt 00:00:08]} e6 {[%clk 01:31:59]} {[%emt
00:00:08]} 6. Nh4 {[%clk 01:32:56]} {[%emt 00:00:06]} Bg6 {[%clk 01:30:51]}
{[%emt 00:01:37]} 7. Nxg6 {[%clk 01:33:12]} {[%emt 00:00:14]} hxg6 {[%clk
01:31:15]} {[%emt 00:00:06]} 8. Bd2 {[%clk 01:33:36]} {[%emt 00:00:06]} Nbd7
{[%clk 01:31:07]} {[%emt 00:00:39]} 9. Qc2 {[%clk 01:33:37]} {[%emt 00:00:29]}
Be7 {[%clk 01:31:00]} {[%emt 00:00:37]} 10. cxd5 {[%clk 01:33:42]} {[%emt
00:00:25]} cxd5 {[%clk 01:30:29]} {[%emt 00:01:01]} 11. Qb3 {[%clk 01:33:26]}
{[%emt 00:00:45]} Qb6 {[%clk 01:28:50]} {[%emt 00:02:09]} 12. Qxb6 {[%clk
01:20:22]} {[%emt 00:13:36]} Nxb6 {[%clk 01:28:52]} {[%emt 00:00:27]} 13. Bb5+
{[%clk 01:20:30]} {[%emt 00:00:21]} Nbd7 {[%clk 01:26:09]} {[%emt 00:03:13]} 14.
a4 {[%clk 01:18:31]} {[%emt 00:02:30]} a6 {[%clk 01:23:15]} {[%emt 00:03:24]}
15. Bd3 {[%clk 01:18:08]} {[%emt 00:00:52]} O-O {[%clk 01:19:58]} {[%emt
00:03:47]} 16. h4 {[%clk 01:07:09]} {[%emt 00:11:30]} Rfd8 {[%clk 01:11:41]}
{[%emt 00:08:46]} 17. f3 {[%clk 01:03:34]} {[%emt 00:04:05]} e5 {[%clk
01:08:09]} {[%emt 00:04:02]} 18. g4 {[%clk 00:58:43]} {[%emt 00:05:21]} exd4
{[%clk 01:02:01]} {[%emt 00:06:39]} 19. exd4 {[%clk 00:59:11]} {[%emt
00:00:02]} Nf8 {[%clk 01:02:04]} {[%emt 00:00:26]} 20. Kf2 {[%clk 00:47:45]}
{[%emt 00:11:57]} Ne6 {[%clk 00:59:30]} {[%emt 00:03:03]} 21. Ne2 {[%clk
00:47:19]} {[%emt 00:00:56]} Bd6 {[%clk 00:57:25]} {[%emt 00:02:35]} 22. h5
{[%clk 00:43:01]} {[%emt 00:04:49]} gxh5 {[%clk 00:57:14]} {[%emt 00:00:40]} 23.
gxh5 {[%clk 00:40:21]} {[%emt 00:03:10]} Kf8 {[%clk 00:57:18]} {[%emt
00:00:24]} 24. Bf5 {[%clk 00:35:39]} {[%emt 00:05:14]} Ke7 {[%clk 00:56:36]}
{[%emt 00:01:11]} 25. Rae1 {[%clk 00:30:46]} {[%emt 00:05:23]} Rh8 {[%clk
00:54:27]} {[%emt 00:02:40]} 26. Nc3 {[%clk 00:29:00]} {[%emt 00:02:16]} Bb4
{[%clk 00:51:19]} {[%emt 00:03:37]} 27. Re5 {[%clk 00:23:16]} {[%emt 00:06:15]}
Rac8 {[%clk 00:46:20]} {[%emt 00:05:28]} 28. Rhe1 {[%clk 00:16:28]} {[%emt
00:07:19]} Bxc3 {[%clk 00:42:50]} {[%emt 00:03:59]} 29. bxc3 {[%clk 00:15:26]}
{[%emt 00:01:33]} Rc6 {[%clk 00:42:59]} {[%emt 00:00:20]} 30. Bg5 {[%clk
00:09:59]} {[%emt 00:05:58]} Rd8 {[%clk 00:40:02]} {[%emt 00:03:26]} 31. c4
{[%clk 00:08:07]} {[%emt 00:02:23]} Rxc4 {[%clk 00:39:09]} {[%emt 00:01:23]} 32.
Bxe6 {[%clk 00:05:28]} {[%emt 00:03:09]} fxe6 {[%clk 00:39:17]} {[%emt
00:00:22]} 33. Rxe6+ {[%clk 00:05:48]} {[%emt 00:00:11]} Kf7 {[%clk 00:39:15]}
{[%emt 00:00:31]} 34. Re7+ {[%clk 00:04:36]} {[%emt 00:01:43]} Kf8 {[%clk
00:38:32]} {[%emt 00:01:13]} 35. h6 {[%clk 00:03:00]} {[%emt 00:02:05]} 1-0

[Event "European Chess Club Cup 2023"]
[Site "Durres, Albania"]
[Date "2023.10.03"]
[Round "3.74"]
[White "Kristensen, Kaare Hove"]
[Black "Pantzar, Milton"]
[Result "1/2-1/2"]
[TimeControl "90' + 30' & 30\""]
[WhiteElo "2258"]
[BlackElo "2453"]

1. e4 {[%clk 01:30:54]} {[%emt 00:00:05]} e5 {[%clk 01:30:42]} {[%emt
00:00:19]} 2. Nf3 {[%clk 01:31:14]} {[%emt 00:00:10]} d6 {[%clk 01:30:44]}
{[%emt 00:00:28]} 3. d4 {[%clk 01:31:06]} {[%emt 00:00:37]} exd4 {[%clk
01:31:07]} {[%emt 00:00:07]} 4. Nxd4 {[%clk 01:31:24]} {[%emt 00:00:12]} Nf6
{[%clk 01:31:27]} {[%emt 00:00:11]} 5. Nc3 {[%clk 01:31:39]} {[%emt 00:00:14]}
Be7 {[%clk 01:31:29]} {[%emt 00:00:29]} 6. Bf4 {[%clk 01:31:33]} {[%emt
00:00:35]} O-O {[%clk 01:30:04]} {[%emt 00:01:55]} 7. Qd2 {[%clk 01:30:21]}
{[%emt 00:01:42]} Nc6 {[%clk 01:29:44]} {[%emt 00:00:50]} 8. O-O-O {[%clk
01:27:35]} {[%emt 00:03:16]} Nxd4 {[%clk 01:28:38]} {[%emt 00:01:37]} 9. Qxd4
{[%clk 01:27:53]} {[%emt 00:00:12]} Be6 {[%clk 01:28:00]} {[%emt 00:01:08]} 10.
Nd5 {[%clk 01:14:18]} {[%emt 00:14:05]} Bxd5 {[%clk 01:19:27]} {[%emt
00:09:03]} 11. exd5 {[%clk 01:14:18]} {[%emt 00:00:29]} Nd7 {[%clk 01:19:28]}
{[%emt 00:00:30]} 12. Bd3 {[%clk 01:09:22]} {[%emt 00:05:23]} Nc5 {[%clk
01:14:03]} {[%emt 00:05:58]} 13. Rhe1 {[%clk 01:08:27]} {[%emt 00:01:24]} Bf6
{[%clk 01:06:40]} {[%emt 00:07:53]} 14. Qe3 {[%clk 01:08:23]} {[%emt 00:00:34]}
Qd7 {[%clk 01:04:30]} {[%emt 00:02:41]} 15. Kb1 {[%clk 00:56:43]} {[%emt
00:12:10]} Qa4 {[%clk 00:56:05]} {[%emt 00:08:55]} 16. Qc1 {[%clk 00:51:05]}
{[%emt 00:06:06]} Rfe8 {[%clk 00:52:34]} {[%emt 00:04:03]} 17. Rxe8+ {[%clk
00:42:46]} {[%emt 00:08:49]} Rxe8 {[%clk 00:52:48]} {[%emt 00:00:16]} 18. Be3
{[%clk 00:41:41]} {[%emt 00:01:34]} g6 {[%clk 00:45:29]} {[%emt 00:07:49]} 19.
g3 {[%clk 00:35:21]} {[%emt 00:06:51]} Qa5 {[%clk 00:31:37]} {[%emt 00:14:22]}
20. Qd2 {[%clk 00:27:47]} {[%emt 00:08:03]} Qa4 {[%clk 00:20:21]} {[%emt
00:11:47]} 21. c3 {[%clk 00:25:02]} {[%emt 00:03:15]} Nxd3 {[%clk 00:19:10]}
{[%emt 00:01:41]} 22. Qxd3 {[%clk 00:25:19]} {[%emt 00:00:12]} a6 {[%clk
00:19:13]} {[%emt 00:00:28]} 23. Bd4 {[%clk 00:20:10]} {[%emt 00:05:38]} Bxd4
{[%clk 00:19:15]} {[%emt 00:00:28]} 24. Qxd4 {[%clk 00:20:28]} {[%emt
00:00:12]} Qd7 {[%clk 00:08:03]} {[%emt 00:11:43]} 25. a3 {[%clk 00:16:08]}
{[%emt 00:04:49]} Qh3 {[%clk 00:05:49]} {[%emt 00:02:45]} 26. Ka1 {[%clk
00:12:58]} {[%emt 00:03:39]} Qxh2 {[%clk 00:04:00]} {[%emt 00:02:19]} 27. Qa7
{[%clk 00:13:19]} {[%emt 00:00:09]} Re2 {[%clk 00:04:01]} {[%emt 00:00:30]} 28.
Qb8+ {[%clk 00:08:03]} {[%emt 00:05:45]} Kg7 {[%clk 00:04:27]} {[%emt
00:00:05]} 29. Qxc7 {[%clk 00:08:20]} {[%emt 00:00:13]} Qxf2 {[%clk 00:03:52]}
{[%emt 00:01:05]} 30. Qxd6 {[%clk 00:08:37]} {[%emt 00:00:12]} Rxb2 {[%clk
00:03:42]} {[%emt 00:00:41]} 31. Qe5+ {[%clk 00:08:19]} {[%emt 00:00:48]} Kf8
{[%clk 00:03:32]} {[%emt 00:00:40]} 32. Qb8+ {[%clk 00:05:40]} {[%emt
00:03:08]} Kg7 {[%clk 00:03:57]} {[%emt 00:00:06]} 33. Qe5+ {[%clk 00:06:04]}
{[%emt 00:00:06]} Kf8 {[%clk 00:01:46]} {[%emt 00:02:40]} 34. Qb8+ {[%clk
00:05:38]} {[%emt 00:00:57]} Kg7 {[%clk 00:01:53]} {[%emt 00:00:24]} 1/2-1/2

[Event "European Chess Club Cup 2023"]
[Site "Durres, Albania"]
[Date "2023.10.03"]
[Round "3.75"]
[White "Storme, Isak"]
[Black "Nielsen, Lars Aaes"]
[Result "1-0"]
[TimeControl "90' + 30' & 30\""]
[WhiteElo "2443"]
[BlackElo "2189"]

1. d4 {[%clk 01:30:56]} {[%emt 00:00:03]} e6 {[%clk 01:30:55]} {[%emt
00:00:06]} 2. c4 {[%clk 01:31:18]} {[%emt 00:00:07]} d5 {[%clk 01:29:30]}
{[%emt 00:01:56]} 3. Nf3 {[%clk 01:31:37]} {[%emt 00:00:10]} Nf6 {[%clk
01:29:54]} {[%emt 00:00:07]} 4. g3 {[%clk 01:31:44]} {[%emt 00:00:22]} Be7
{[%clk 01:30:02]} {[%emt 00:00:22]} 5. Bg2 {[%clk 01:32:04]} {[%emt 00:00:10]}
dxc4 {[%clk 01:29:24]} {[%emt 00:01:09]} 6. Qa4+ {[%clk 01:29:56]} {[%emt
00:02:37]} Nbd7 {[%clk 01:29:45]} {[%emt 00:00:10]} 7. O-O {[%clk 01:28:16]}
{[%emt 00:02:09]} O-O {[%clk 01:29:46]} {[%emt 00:00:29]} 8. Qxc4 {[%clk
01:28:39]} {[%emt 00:00:07]} a6 {[%clk 01:29:23]} {[%emt 00:00:54]} 9. Qc2
{[%clk 01:16:14]} {[%emt 00:12:53]} c5 {[%clk 01:27:23]} {[%emt 00:02:32]} 10.
Rd1 {[%clk 01:15:58]} {[%emt 00:00:45]} Qb6 {[%clk 01:18:41]} {[%emt 00:09:13]}
11. Nc3 {[%clk 01:11:28]} {[%emt 00:04:59]} cxd4 {[%clk 01:15:49]} {[%emt
00:03:23]} 12. Na4 {[%clk 01:00:07]} {[%emt 00:11:51]} Qa7 {[%clk 01:15:07]}
{[%emt 00:01:11]} 13. Nxd4 {[%clk 00:58:20]} {[%emt 00:02:18]} Kh8 {[%clk
00:43:12]} {[%emt 00:32:24]} 14. h3 {[%clk 00:42:36]} {[%emt 00:16:13]} Nb6
{[%clk 00:41:20]} {[%emt 00:02:24]} 15. Nf5 {[%clk 00:39:41]} {[%emt 00:03:24]}
exf5 {[%clk 00:33:51]} {[%emt 00:08:00]} 16. Be3 {[%clk 00:39:26]} {[%emt
00:00:44]} Nfd7 {[%clk 00:33:18]} {[%emt 00:01:03]} 17. Nxb6 {[%clk 00:28:36]}
{[%emt 00:11:20]} Nxb6 {[%clk 00:27:04]} {[%emt 00:06:45]} 18. Qc7 {[%clk
00:28:57]} {[%emt 00:00:08]} Bf6 {[%clk 00:27:09]} {[%emt 00:00:26]} 19. Bxb6
{[%clk 00:25:40]} {[%emt 00:03:46]} Qb8 {[%clk 00:27:24]} {[%emt 00:00:16]} 20.
Rac1 {[%clk 00:21:41]} {[%emt 00:04:28]} Qxc7 {[%clk 00:19:15]} {[%emt
00:08:40]} 21. Rxc7 {[%clk 00:22:04]} {[%emt 00:00:06]} Be6 {[%clk 00:18:25]}
{[%emt 00:01:21]} 22. b3 {[%clk 00:18:09]} {[%emt 00:04:23]} Rad8 {[%clk
00:14:39]} {[%emt 00:04:18]} 23. Rxd8 {[%clk 00:18:00]} {[%emt 00:00:39]} Rxd8
{[%clk 00:14:57]} {[%emt 00:00:12]} 24. Rxb7 {[%clk 00:17:41]} {[%emt
00:00:49]} Rd1+ {[%clk 00:14:19]} {[%emt 00:01:08]} 25. Kh2 {[%clk 00:18:01]}
{[%emt 00:00:09]} g5 {[%clk 00:13:38]} {[%emt 00:01:12]} 26. Ra7 {[%clk
00:15:35]} {[%emt 00:02:56]} Rd2 {[%clk 00:13:01]} {[%emt 00:01:07]} 27. Rxa6
{[%clk 00:15:38]} {[%emt 00:00:27]} Rxe2 {[%clk 00:13:23]} {[%emt 00:00:08]} 28.
Bc5 {[%clk 00:13:09]} {[%emt 00:02:58]} Kg7 {[%clk 00:13:37]} {[%emt 00:00:17]}
29. Ra8 {[%clk 00:12:20]} {[%emt 00:01:17]} Rc2 {[%clk 00:11:44]} {[%emt
00:02:25]} 30. Be3 {[%clk 00:10:50]} {[%emt 00:01:58]} f4 {[%clk 00:10:53]}
{[%emt 00:01:22]} 31. gxf4 {[%clk 00:11:15]} {[%emt 00:00:06]} gxf4 {[%clk
00:11:16]} {[%emt 00:00:07]} 32. Bb6 {[%clk 00:11:33]} {[%emt 00:00:11]} Bh4
{[%clk 00:05:55]} {[%emt 00:05:52]} 33. Be4 {[%clk 00:11:00]} {[%emt 00:01:02]}
Re2 {[%clk 00:05:35]} {[%emt 00:00:50]} 34. Bf3 {[%clk 00:10:57]} {[%emt
00:00:33]} Rd2 {[%clk 00:05:15]} {[%emt 00:00:51]} 35. Kg2 {[%clk 00:10:59]}
{[%emt 00:00:26]} Rd3 {[%clk 00:04:39]} {[%emt 00:01:08]} 36. Ra4 {[%clk
00:09:57]} {[%emt 00:01:30]} Bg5 {[%clk 00:04:03]} {[%emt 00:01:07]} 37. Rd4
{[%clk 00:09:20]} {[%emt 00:01:06]} Rc3 {[%clk 00:03:37]} {[%emt 00:00:58]} 38.
h4 {[%clk 00:08:23]} {[%emt 00:01:25]} Bf6 {[%clk 00:01:38]} {[%emt 00:02:31]}
39. Rxf4 {[%clk 00:08:38]} {[%emt 00:00:15]} Rc2 {[%clk 00:02:01]} {[%emt
00:00:07]} 40. Ra4 {[%clk 00:08:23]} {[%emt 00:00:44]} Bd7 {[%clk 00:02:20]}
{[%emt 00:00:12]} 41. Ra7 {[%clk 00:07:57]} {[%emt 00:00:54]} Be6 {[%clk
00:02:34]} {[%emt 00:00:18]} 42. h5 {[%clk 00:08:02]} {[%emt 00:00:24]} h6
{[%clk 00:02:15]} {[%emt 00:00:50]} 43. Be3 {[%clk 00:07:36]} {[%emt 00:00:54]}
Bg5 {[%clk 00:01:39]} {[%emt 00:01:07]} 44. Bd4+ {[%clk 00:03:04]} {[%emt
00:05:01]} Bf6 {[%clk 00:02:02]} {[%emt 00:00:09]} 45. Bxf6+ {[%clk 00:03:03]}
{[%emt 00:00:30]} Kxf6 {[%clk 00:02:28]} {[%emt 00:00:04]} 46. Ra5 {[%clk
00:02:12]} {[%emt 00:01:21]} Rd2 {[%clk 00:01:43]} {[%emt 00:01:16]} 47. Kg3
{[%clk 00:01:49]} {[%emt 00:00:51]} Kg7 {[%clk 00:28:03]} {[%emt 00:04:12]} 48.
Bg4 {[%clk 00:29:24]} {[%emt 00:02:53]} Bd5 {[%clk 00:27:06]} {[%emt 00:01:28]}
49. Kf4 {[%clk 00:26:59]} {[%emt 00:02:54]} f5 {[%clk 00:25:22]} {[%emt
00:02:15]} 1-0

[Event "European Chess Club Cup 2023"]
[Site "Durres, Albania"]
[Date "2023.10.03"]
[Round "3.76"]
[White "Jakobsen, Peter"]
[Black "Smith, Axel"]
[Result "0-1"]
[TimeControl "90' + 30' & 30\""]
[WhiteElo "2185"]
[BlackElo "2412"]

1. d4 {[%clk 01:30:57]} {[%emt 00:00:02]} f5 {[%clk 01:30:59]} {[%emt
00:00:02]} 2. Nf3 {[%clk 01:31:13]} {[%emt 00:00:13]} Nf6 {[%clk 01:31:28]}
{[%emt 00:00:02]} 3. g3 {[%clk 01:31:34]} {[%emt 00:00:09]} g6 {[%clk
01:31:56]} {[%emt 00:00:02]} 4. Bg2 {[%clk 01:31:57]} {[%emt 00:00:07]} Bg7
{[%clk 01:32:25]} {[%emt 00:00:01]} 5. O-O {[%clk 01:32:19]} {[%emt 00:00:08]}
O-O {[%clk 01:32:52]} {[%emt 00:00:02]} 6. c4 {[%clk 01:32:17]} {[%emt
00:00:32]} d6 {[%clk 01:33:20]} {[%emt 00:00:02]} 7. Nc3 {[%clk 01:32:23]}
{[%emt 00:00:24]} Qe8 {[%clk 01:33:45]} {[%emt 00:00:05]} 8. d5 {[%clk
01:32:06]} {[%emt 00:00:47]} Na6 {[%clk 01:33:19]} {[%emt 00:00:56]} 9. Rb1
{[%clk 01:32:13]} {[%emt 00:00:23]} c6 {[%clk 01:23:18]} {[%emt 00:10:31]} 10.
dxc6 {[%clk 01:28:53]} {[%emt 00:03:50]} bxc6 {[%clk 01:23:47]} {[%emt
00:00:02]} 11. b3 {[%clk 01:22:31]} {[%emt 00:06:51]} Bd7 {[%clk 01:19:04]}
{[%emt 00:05:12]} 12. Bb2 {[%clk 01:08:02]} {[%emt 00:15:00]} Rd8 {[%clk
01:17:51]} {[%emt 00:01:43]} 13. e3 {[%clk 01:05:20]} {[%emt 00:03:13]} h6
{[%clk 01:11:47]} {[%emt 00:06:35]} 14. Qe2 {[%clk 01:03:03]} {[%emt 00:02:45]}
e5 {[%clk 00:53:21]} {[%emt 00:18:56]} 15. Rfd1 {[%clk 00:54:25]} {[%emt
00:09:08]} e4 {[%clk 00:52:49]} {[%emt 00:01:03]} 16. Ne1 {[%clk 00:54:47]}
{[%emt 00:00:08]} Qe7 {[%clk 00:48:26]} {[%emt 00:04:53]} 17. Rd2 {[%clk
00:51:26]} {[%emt 00:03:51]} c5 {[%clk 00:35:33]} {[%emt 00:13:22]} 18. Nd5
{[%clk 00:45:59]} {[%emt 00:05:56]} Nxd5 {[%clk 00:35:45]} {[%emt 00:00:20]} 19.
Rxd5 {[%clk 00:45:32]} {[%emt 00:00:56]} Be6 {[%clk 00:30:56]} {[%emt
00:05:19]} 20. Rdd1 {[%clk 00:44:41]} {[%emt 00:01:20]} Nc7 {[%clk 00:27:49]}
{[%emt 00:03:37]} 21. Bxg7 {[%clk 00:34:30]} {[%emt 00:10:41]} Qxg7 {[%clk
00:27:18]} {[%emt 00:01:02]} 22. Qc2 {[%clk 00:32:45]} {[%emt 00:02:15]} d5
{[%clk 00:15:31]} {[%emt 00:12:18]} 23. cxd5 {[%clk 00:33:02]} {[%emt
00:00:12]} Nxd5 {[%clk 00:15:56]} {[%emt 00:00:06]} 24. Rbc1 {[%clk 00:32:57]}
{[%emt 00:00:35]} Rc8 {[%clk 00:15:26]} {[%emt 00:00:59]} 25. Bf1 {[%clk
00:31:37]} {[%emt 00:01:50]} Nb6 {[%clk 00:13:31]} {[%emt 00:02:25]} 26. Ba6
{[%clk 00:24:05]} {[%emt 00:08:02]} Rc7 {[%clk 00:13:12]} {[%emt 00:00:49]} 27.
Qb1 {[%clk 00:18:58]} {[%emt 00:05:37]} Qe5 {[%clk 00:11:12]} {[%emt 00:02:31]}
28. Qa1 {[%clk 00:14:32]} {[%emt 00:04:56]} Qxa1 {[%clk 00:11:35]} {[%emt
00:00:07]} 29. Rxa1 {[%clk 00:15:00]} {[%emt 00:00:01]} Kf7 {[%clk 00:10:53]}
{[%emt 00:01:12]} 30. Rac1 {[%clk 00:14:28]} {[%emt 00:01:01]} Ke7 {[%clk
00:09:57]} {[%emt 00:01:28]} 31. Nc2 {[%clk 00:14:40]} {[%emt 00:00:18]} Nd5
{[%clk 00:08:13]} {[%emt 00:02:14]} 32. Rd2 {[%clk 00:11:28]} {[%emt 00:03:41]}
Rd8 {[%clk 00:05:57]} {[%emt 00:02:46]} 33. Na3 {[%clk 00:02:40]} {[%emt
00:09:18]} Nb4 {[%clk 00:05:32]} {[%emt 00:00:55]} 34. Rxd8 {[%clk 00:03:00]}
{[%emt 00:00:10]} Kxd8 {[%clk 00:06:00]} {[%emt 00:00:02]} 35. Bc4 {[%clk
00:03:03]} {[%emt 00:00:27]} Nxa2 {[%clk 00:02:49]} {[%emt 00:03:42]} 36. Ra1
{[%clk 00:02:19]} {[%emt 00:01:14]} Bxc4 {[%clk 00:03:17]} {[%emt 00:00:01]} 37.
bxc4 {[%clk 00:02:09]} {[%emt 00:00:40]} Nc3 {[%clk 00:03:24]} {[%emt
00:00:24]} 38. Kf1 {[%clk 00:01:49]} {[%emt 00:00:49]} Rb7 {[%clk 00:02:14]}
{[%emt 00:01:40]} 39. Nb5 {[%clk 00:01:44]} {[%emt 00:00:35]} Nxb5 {[%clk
00:02:39]} {[%emt 00:00:05]} 40. cxb5 {[%clk 00:02:12]} {[%emt 00:00:02]} Kc7
{[%clk 00:00:38]} {[%emt 00:02:32]} 41. Ra6 {[%clk 00:02:25]} {[%emt 00:00:17]}
Rxb5 {[%clk 00:26:07]} {[%emt 00:05:01]} 42. Rxa7+ {[%clk 00:27:51]} {[%emt
00:05:03]} Rb7 {[%clk 00:26:19]} {[%emt 00:00:18]} 43. Ra6 {[%clk 00:26:34]}
{[%emt 00:01:47]} Rb6 {[%clk 00:26:33]} {[%emt 00:00:17]} 44. Ra7+ {[%clk
00:26:51]} {[%emt 00:00:12]} Kc6 {[%clk 00:25:41]} {[%emt 00:01:23]} 45. h4
{[%clk 00:27:02]} {[%emt 00:00:19]} Kb5 {[%clk 00:08:10]} {[%emt 00:18:01]} 46.
Ke2 {[%clk 00:20:46]} {[%emt 00:06:44]} Rd6 {[%clk 00:07:40]} {[%emt 00:01:01]}
47. g4 {[%clk 00:18:07]} {[%emt 00:03:10]} c4 {[%clk 00:05:40]} {[%emt
00:02:30]} 48. gxf5 {[%clk 00:13:59]} {[%emt 00:04:37]} gxf5 {[%clk 00:06:09]}
{[%emt 00:00:02]} 49. Rf7 {[%clk 00:14:17]} {[%emt 00:00:11]} Rd5 {[%clk
00:06:14]} {[%emt 00:00:25]} 50. Rb7+ {[%clk 00:14:22]} {[%emt 00:00:26]} Kc5
{[%clk 00:05:27]} {[%emt 00:01:17]} 51. Rh7 {[%clk 00:14:04]} {[%emt 00:00:47]}
c3 {[%clk 00:03:33]} {[%emt 00:02:25]} 52. Rxh6 {[%clk 00:12:03]} {[%emt
00:02:31]} c2 {[%clk 00:03:59]} {[%emt 00:00:04]} 53. Rh8 {[%clk 00:12:19]}
{[%emt 00:00:14]} Kb4 {[%clk 00:01:57]} {[%emt 00:02:32]} 54. Rb8+ {[%clk
00:10:28]} {[%emt 00:02:20]} Ka3 {[%clk 00:02:19]} {[%emt 00:00:07]} 55. Ra8+
{[%clk 00:10:38]} {[%emt 00:00:21]} Kb2 {[%clk 00:02:47]} {[%emt 00:00:03]} 56.
Rb8+ {[%clk 00:10:55]} {[%emt 00:00:12]} Kc1 {[%clk 00:03:08]} {[%emt
00:00:09]} 57. h5 {[%clk 00:10:45]} {[%emt 00:00:41]} Rd2+ {[%clk 00:03:35]}
{[%emt 00:00:03]} 58. Ke1 {[%clk 00:11:02]} {[%emt 00:00:13]} Rd1 {[%clk
00:04:03]} {[%emt 00:00:02]} 59. Ke2 {[%clk 00:11:16]} {[%emt 00:00:16]} Rh1
{[%clk 00:04:30]} {[%emt 00:00:03]} 60. Rb5 {[%clk 00:05:02]} {[%emt 00:06:43]}
Rxh5 {[%clk 00:04:20]} {[%emt 00:00:41]} 61. Ke1 {[%clk 00:04:37]} {[%emt
00:00:54]} Rh1 {[%clk 00:03:39]} {[%emt 00:01:12]} 62. Ke2 {[%clk 00:05:06]}
{[%emt 00:00:01]} Rg1 {[%clk 00:03:54]} {[%emt 00:00:15]} 63. Rb4 {[%clk
00:05:13]} {[%emt 00:00:22]} Rd1 {[%clk 00:03:59]} {[%emt 00:00:25]} 64. Rb5
{[%clk 00:05:34]} {[%emt 00:00:09]} Rd3 {[%clk 00:04:01]} {[%emt 00:00:28]} 65.
Ke1 {[%clk 00:04:12]} {[%emt 00:01:52]} Ra3 {[%clk 00:04:01]} {[%emt 00:00:30]}
66. Ke2 {[%clk 00:02:33]} {[%emt 00:02:09]} Ra2 {[%clk 00:04:14]} {[%emt
00:00:17]} 67. Rb4 {[%clk 00:00:38]} {[%emt 00:02:26]} Rb2 {[%clk 00:04:33]}
{[%emt 00:00:10]} 0-1